Cassell's encyclopaedia of world literature. / (Record no. 18724)

000 -LEADER
fixed length control field 00509cam a2200169 4500
020 ## - INTERNATIONAL STANDARD BOOK NUMBER
ISBN 0688002285
040 ## - CATALOGING SOURCE
Transcribing agency DLC
082 00 - DEWEY DECIMAL CLASSIFICATION NUMBER
Classification number 803 MUJ 1996 C151 Or.
245 10 - TITLE STATEMENT
Title Cassell's encyclopaedia of world literature. /
250 ## - EDITION STATEMENT
Edition statement Revised and enlarged.
300 ## - PHYSICAL DESCRIPTION
Number of Pages 3 volumes ;
Dimensions 25 cm.
500 ## - GENERAL NOTE
General note First published in 1953 under title: Cassell's encyclopaedia of literature, edited by S. H. Steinberg.
650 #0 - SUBJECT ADDED ENTRY--TOPICAL TERM
Topical Term Literature
650 #0 - SUBJECT ADDED ENTRY--TOPICAL TERM
Topical Term Literature
700 1# - ADDED ENTRY--PERSONAL NAME
Personal name Buchanan-Brown, John
942 ## - ADDED ENTRY ELEMENTS (KOHA)
Koha item type ADB
952 ## - LOCATION AND ITEM INFORMATION (KOHA)
Withdrawn status [LOCAL, KOHA] 0
Holdings
Source of acquisition Permanent Location Date acquired Koha item type Lost status Shelving location Current Location Full call number
A34230Library Block C2020-01-15សៀវភៅភាសាអង់គ្លេស C151Library Block C803 MUJ 1996 C151 Or.
មជ្ឈមណ្ឌលឯការនៃសាកលវិទ្យាល័យភូមិន្ទកសិកម្មចំការដូង

Powered by Koha